| 000 | 00589nam a22001695i 4500 | ||
|---|---|---|---|
| 001 | 157382 | ||
| 003 | ES-MaACL | ||
| 005 | 20230906210653.0 | ||
| 008 | 040806s1868 sp |||| | spa d | ||
| 080 | _a329(460)"18" | ||
| 100 | 1 |
_aLeal, F. _9128800 |
|
| 245 | 1 | 3 |
_aLa situación actual / _cpor F. Leal. |
| 260 |
_aMadrid : _b[s.n.], _c1868 ( _fImp. de los Señores Cámara y Noguera) |
||
| 300 |
_a31, [2] p. ; _c25 cm. |
||
| 650 | 4 |
_aPartidos políticos- _zEspaña- _yS.XIX. _9138923 |
|
| 852 | 4 |
_aES-MaACL _jT-97-F-2 _z- Enc. hol., falto de cub. original _z- Enc. en un vol. facticio |
|
| 999 |
_c157382 _d157382 |
||